Κοινωνικός αποκλεισμός και ανήλικοι παραβάτες : πτυχιακή εργασία

Αποθηκεύτηκε σε:
Λεπτομέρειες βιβλιογραφικής εγγραφής
Κύριος συγγραφέας: Μποντόζη, Ροδάνθη
Συγγραφή απο Οργανισμό/Αρχή: Πανεπιστήμιο Αιγαίου Σχολή Κοινωνικών Επιστημών Τμήμα Κοινωνιολογίας
Άλλοι συγγραφείς: Τσομπάνογλου, Γεώργιος Οδ (Εισηγητής διατριβής)
Μορφή: Thesis Βιβλίο
Γλώσσα:Greek
Δημοσίευση: Μυτιλήνη : Πανεπιστήμιο Αιγαίου, Τμήμα Κοινωνιολογίας, 2006
Θέματα:
Διαθέσιμο Online:http://hdl.handle.net/11610/7805
Ετικέτες: Προσθήκη ετικέτας
Δεν υπάρχουν, Καταχωρήστε ετικέτα πρώτοι!

MARC

LEADER 00000cam a2200000 i 4500
001 1/36886
008 061106s2006 gre d
035 |l 10085936 
040 |a GR-MY-UA  |b gre  |e aacr 
041 0 |a gre 
082 0 |a 364.36  |2 (22) 
100 1 |a Μποντόζη, Ροδάνθη. 
245 1 0 |a Κοινωνικός αποκλεισμός και ανήλικοι παραβάτες :  |b πτυχιακή εργασία /  |c Μποντόζη Ροδάνθη ; υπεύθυνος καθηγητής Τσομπάνογλου Γ. Ο. 
260 |a Μυτιλήνη :   |b Πανεπιστήμιο Αιγαίου, Τμήμα Κοινωνιολογίας,   |c 2006 
300 |a 149 σ.;  |b πιν.;  |c 30 εκ. 
502 |a Πτυχιακή εργασία – Πανεπιστήμιο Αιγαίου, Λέσβος, 2006. 
504 |a Βιβλιογραφία: σ. 102-105 
650 0 0 |a Juvenile delinquency. 
650 0 0 |a Crime  |x Social aspects. 
650 0 0 |a Juvenile delinquents  |x Rehabilitation. 
650 0 0 |a Criminal behavior. 
650 0 0 |a Marginality, Social. 
650 0 0 |a Dissertations, Academic  |z Greece. 
700 1 |4 ths  |a Τσομπάνογλου, Γεώργιος Οδ. 
710 2 |a Πανεπιστήμιο Αιγαίου  |b Σχολή Κοινωνικών Επιστημών  |b Τμήμα Κοινωνιολογίας. 
852 |a INST  |b LESVOS  |c DIATR  |e 20061106  |h 263  |p 005100035159  |q 005100035159  |t DIE  |y 23 
852 |a INST  |b LESVOS  |c DIATR  |e 20061106  |h 264  |p 005100035158  |q 005100035158  |t DIE  |y 23 
856 |u http://hdl.handle.net/11610/7805 
901 |a BIBL1-2006-3 
909 |a Λ  |b 129949 
909 |a Λ  |b 129950 
924 |a ΜΠΟΝΤΟΖΗ  |b ΡΟΔΑΝΘΗ  |y ΛΕΣΒΟΣ  |z 2006-10 
970 |a ΜΑΡΙΝΑΤΟΥ  |b ΜΥΡΣΙΝΗ  |z 2006/11/06